000 00239 a2200109 4500
001 51173
040 _cAnchieta - Pituba
240 1 0 _aReading explorer 3
_l
245 1 0 _aReading explorer 3
650 4 _aInglês e inglês antigo
942 _cMX
999 _c51173
_d51173